000 00452nam a2200145Ia 4500
008 100204s9999 xx 000 0 und d
082 _b14826
100 _aकाकोडकर चंद्र्रकांत
245 _aहेमांगी
260 _b"राहूल प्रकाशन , मुंबई 78"
_c1988 2
300 _a158
630 _aहेमांगी
730 _aहेमांगी
942 _cBOOK
999 _c459257
_d459254